000
00217 a2200097 4500
001
11264
100
_a
newell, P.
245
_a
The Struggle for Afghanistan
260
_a
_b
Cornell University
_c
090
_c
8816
_d
8816
942
_a
NUST-CAE
_c
M
_c
35618
999
_c
246337
_d
246337